| 000 | 00570nam a22001697a 4500 | ||
|---|---|---|---|
| 003 | NUST | ||
| 038 | _aNusrat Nadeem | ||
| 082 | _a200 | ||
| 100 |
_aAzhar, Nikhar _9125069 |
||
| 245 |
_aDetermining the Impact of Events on Pakistan Stock Prices and their Prediction using Urdu News Articles/ _cNikhar Azhar, |
||
| 264 |
_aIslamabad; _bSEECS NUST; _c2024. |
||
| 300 |
_a108,p; _bill; _c30,cm. |
||
| 650 |
_aMS-Data Science _9123017 |
||
| 700 |
_aSupervisor: Dr. Seemab Latif _996493 |
||
| 856 | _u http://10.250.8.41:8080/xmlui/handle/123456789/45210 | ||
| 942 |
_2ddc _cSC |
||
| 999 |
_c610828 _d610828 |
||